| 000 | 00737cam a2200229 a 4500 | ||
|---|---|---|---|
| 001 | 000023498 | ||
| 005 | 20200930022248.0 | ||
| 008 | 820602s1957 sp a 000 0 spa d | ||
| 040 |
_aDO-SdBNP _bspa _cBNPHU |
||
| 050 | 0 | 0 | _aIN PROCESS |
| 082 |
_a828.99343 _bZ97ó |
||
| 100 | 1 |
_aZweig, Stefan. _948388 |
|
| 245 | 1 | 4 |
_aLos ojos del hermano eterno y miedo / _cStefan Zweig. |
| 260 |
_aBarcelona : _bJuventud, _c1957. |
||
| 300 |
_a166 p. : _bil. ; _c18 cm. |
||
| 490 | 1 |
_aZ. Sólo obras maestras _v25 |
|
| 505 | 0 | _aIncluye notas y referencias bibliográficas al pie de las páginas. | |
| 650 | 4 |
_aNovela australiana _913045 |
|
| 650 | 4 |
_aLiteratura australiana _911480 |
|
| 830 | 0 |
_aZ _pSólo obras maestras _v25 _948424 |
|
| 049 | _aBNGR | ||
| 999 |
_c22994 _d22994 |
||